Advances in Network Systems : (Record no. 32435)

MARC details
000 -LEADER
fixed length control field 00562nam a2200193Ia 4500
001 - CONTROL NUMBER
control field 32914
003 - CONTROL NUMBER IDENTIFIER
control field Ost
005 - DATE AND TIME OF LATEST TRANSACTION
control field 20260507160507.0
008 - FIXED-LENGTH DATA ELEMENTS--GENERAL INFORMATION
fixed length control field 251113s9999||||xx |||||||||||||| ||eng||
040 ## - CATALOGING SOURCE
Transcribing agency nitttr
041 ## - LANGUAGE CODE
Language code of text/sound track or separate title eng
082 ## - DEWEY DECIMAL CLASSIFICATION NUMBER
Classification number TK5105.5
100 ## - MAIN ENTRY--PERSONAL NAME
Personal name Grzenda, Maciej
245 #0 - TITLE STATEMENT
Title Advances in Network Systems :
Remainder of title Architectures, Security, and Applications /
Statement of responsibility, etc. Grzenda, Maciej, Awad, Ali Ismail, Furtak, Janusz, Legierski, Jaros?aw
700 ## - ADDED ENTRY--PERSONAL NAME
Personal name Awad, Ali Ismail
700 ## - ADDED ENTRY--PERSONAL NAME
Personal name Furtak, Janusz
700 ## - ADDED ENTRY--PERSONAL NAME
Personal name Legierski, Jaros?aw
942 ## - ADDED ENTRY ELEMENTS (KOHA)
Koha item type Books
Holdings
Withdrawn status Lost status Damaged status Not for loan Home library Current library Date acquired Total checkouts Full call number Barcode Date last seen Price effective from Koha item type
        National Institute of Technical Teachers Training & Research National Institute of Technical Teachers Training & Research 05/07/2026   TK5105.5 1342225 05/07/2026 05/07/2026 Books